00693nam a2200241 a 4500001001300000003000900013005001700022008004100039020001000080082002000090100002500110245002600135260004500161300000900206500003500215505001000250650001300260700002500273902000800298942000700306952012100313999001700434nice12345678IN_TiNIC20260116013534.0050524s1996 muma grp 000 0 eng  ac40000a324.245408bTAL aTalreja, Kanayalal M aSecessionism in India aMumbaibRashtriya Chetna Prakashanc1996 a622p aincludes index and biblioraphy2 aIndex aHindutva1 aTalreja, Kanayalal M bSRS cBK 001040708StackRoom-aHMIbHMId2007-04-11g400.00l0o324.245408 TALp017864r2007-04-11v400.00w2005-05-24yBK c11384d11384